Vista normal
Vista MARC
Entrada Corporate Name
Número de registros utilizados en: 4
001 - CONTROL NUMBER
- control field: 23202
003 - CONTROL NUMBER IDENTIFIER
- control field: OSt
005 - DATE AND TIME OF LATEST TRANSACTION
- control field: 20230915231041.0
008 - FIXED-LENGTH DATA ELEMENTS
- fixed length control field: 230915|| aca||aabn | a|a d
040 ## - CATALOGING SOURCE
- Original cataloging agency: OSt
- Transcribing agency: OSt
110 ## - HEADING--CORPORATE NAME
- Corporate name or jurisdiction name as entry element: Sena - Colombia ; Natural Resources Institute ; DFID
670 ## - SOURCE DATA FOUND
- Source citation: Work cat.: (OSt)26135: Simposio Internacional en post - cosecha (2 : 1998 : Armenia), 23201, Contratos : , 1998